000 00739nam a2200265Ia 4500
003 OSt
005 20221007110400.0
006 a|||||r|||| 00| 0
007 ta
008 221006b |||||||| |||| 00| 0 eng d
024 _a21,023
037 _cTextual
040 _aLCO
_cLCO
_beng
041 _2eng
_aeng
082 _aZ:(Y:4355), L1
100 _aJacob Alice
_9706036
245 0 _aLaw Relating to Flood Control in India
260 _aBombay
_bN.M. Tripathi Pvt. Ltd. India
_c1971
300 _a108
500 _aThe Indian Law Institute, New Delhi
650 _aFLOOD CONTROL
_9707414
700 _a Joshi K.C.
942 _hZ:(Y:4355), L1
_cTEXL
999 _c1190586
_d1190586